Represión sistemática a las demandas de trabajadores públicos (segunda parte)

में बचाया:
ग्रंथसूची विवरण
स्वरूप: मूलपाठ
विषय:
टैग: टैग जोड़ें
कोई टैग नहीं, इस रिकॉर्ड को टैग करने वाले पहले व्यक्ति बनें!

MARC

LEADER 00000 a a2200000 04500
001 5988
003
040
245 |a Represión sistemática a las demandas de trabajadores públicos (segunda parte)  
650 |a TRABAJADORES  
650 |a EMPLEADOS PUBLICOS  
650 |a HOSPITALES  
650 |a SERVICIOS DE SALUD  
650 |a MOVIMIENTOS SOCIALES  
650 |a VIOLENCIA  
773 |g volumen 16, número 671; páginas 7-9  
999 |c 38813  |d 38813